Siberia to Afghanistan (Record no. 11831)

MARC details
000 -LEADER
fixed length control field 00633nam a2200253 a 4500
020 ## - INTERNATIONAL STANDARD BOOK NUMBER
ISBN
082 00 - DEWEY DECIMAL CLASSIFICATION NUMBER
Classification number 958
Author Cutter HAM
100 ## - MAIN ENTRY--AUTHOR NAME
Author name Hamid, Muhammad
245 ## - TITLE STATEMENT
Title Siberia to Afghanistan
260 ## - PUBLICATION, DISTRIBUTION, ETC. (IMPRINT)
Place of publication Peshawar
Name of publisher Inst. of Regional Studies
Year of publication 1987
300 ## - PHYSICAL DESCRIPTION
Number of Pages 336p
500 ## - GENERAL NOTE
General note includes index and biblioraphy
505 2# - FORMATTED CONTENTS NOTE
Formatted contents note Appendix, Bibliography, Index
650 ## - SUBJECT ADDED ENTRY--TOPICAL TERM
Topical Term Islam-Central Asia
650 ## - SUBJECT ADDED ENTRY--TOPICAL TERM
Topical Term Central Asia
942 ## - ADDED ENTRY ELEMENTS (KOHA)
Koha item type Books
700 1# -
-- Hamid, Muhammad
Holdings
Collection code Home library Current library Date acquired Cost, normal purchase price Full call number Accession Number Koha item type
  Henry Martyn Institute Library Henry Martyn Institute Library 06/11/2013 250.00 958 HAM 016674 Books
                   Copyright © 2026 | Henry Martyn Institute | Hyderabad | TS-500052 | INDIA | Implemented by hmi.edu.in
Hit-Count:

Powered by Koha